| 000 | 00978cam a22003011 4500 | ||
|---|---|---|---|
| 001 | 16076 | ||
| 003 | BD-RjUL | ||
| 005 | 20211208235940.0 | ||
| 008 | 840327m19671967ne a b 001 0 eng | ||
| 035 | _a(BD-RjUL)16131 | ||
| 040 |
_aDLC/ICU _cICU _dDLC _beng |
||
| 041 | _aeng | ||
| 082 | 0 | 0 |
_a668.3 _bADH 1967 |
| 245 | 0 | 0 |
_aAdhesion and adhesives / _cedited by R. Houwink and G. Salomon. _nV-2 |
| 250 | _a2d completely rev. ed. | ||
| 260 |
_aAmsterdam : _aNew York : _bElsevier Pub. Co., _c1965-1967. |
||
| 300 |
_a590 p. : _billus. ; _c25 cm. |
||
| 500 | _aFirst ed. published in 1951 under the editorship of N.A. De Bruyne and R. Houwink. | ||
| 504 | _aIncludes index and bibliographies. | ||
| 505 | 0 | _av. 1. Adhesives.--v. 2. Applications. | |
| 650 | 0 |
_aAdhesives. _949757 |
|
| 650 | 0 |
_aAdhesion. _949758 |
|
| 700 | 1 |
_aHouwink, R. _q(Roelof), _d1897- _9235429 |
|
| 700 | 1 |
_aSalomon, G., _9235430 |
|
| 942 |
_2ddc _cBK |
||
| 999 |
_c16076 _d16076 |
||